Bible Books: One Letter Off Quiz Stats

 Plays Quiz Updated Jun 11, 2019

Score 0/24 Timer 05:00
1 Play Today
% Correct
2 KONGS
91.3%
1 JOAN
88.6%
1 KINDS
87.5%
GONG OF SOLOMON
86.9%
GALAXIANS
84%
JAB
83.5%
3 COHN
83.3%
ESCHER
80.4%
2 METER
80%
BUDGES
79.6%
ACES
76.2%
LUTE
75.4%
% Correct
JOIN
75.4%
LUMBERS
75%
LARK
73.7%
JONAS
71.1%
NOEL
66.1%
HAGGAR
65.8%
VITUS
62%
RUSH
61.7%
HOSTA
58.4%
JAPES
58.2%
JUNE
55%
AMPS
43.7%

You're not logged in!

Compare scores with friends on all Sporcle quizzes.
OR
Log In

Sporcle TV

Today on Sporcle TV


Watch our educational content, quiz creation guides, and fun videos on Sporcle TV.

Show Comments

Extras

Top Quizzes Today


Score Distribution

Your Account Isn't Verified!

In order to create a playlist on Sporcle, you need to verify the email address you used during registration. Go to your Sporcle Settings to finish the process.

Report this User

Report this user for behavior that violates our Community Guidelines.

Details: